Gestión de las obligaciones trubutaria y soluciones fiscales en la empresa Natclinic Odontología Especializada. Período fiscal 2018 Santa Cruz de Barahona, República Dominicana (Record no. 5623)

MARC details
000 -LEADER
campo de control de longitud fija 01082nam a22002297a 4500
001 - NÚMERO DE CONTROL
campo de control 21878
005 - FECHA Y HORA DE LA ÚLTIMA TRANSACCIÓN
campo de control 20250522045721.0
008 - DATOS DE LONGITUD FIJA--INFORMACIÓN GENERAL
campo de control de longitud fija 5230202019 dr
090 ## - LOCALMENTE ASIGNADO TIPO-LC NÚMERO DE CLASIFICACIÓN (OCLC); NÚMERO DE CLASIFICACIÓN LOCAL (RLIN)
Número de clasificación (OCLC) (R) ; Numero de clasificación, CALL (RLIN) (NR) CON2019-014
100 ## - ENTRADA PRINCIPAL--NOMBRE DE PERSONA
Nombre de persona Cuevas Féliz, Bethel Rosalía.
245 ## - MENCIÓN DEL TÍTULO
Título Gestión de las obligaciones trubutaria y soluciones fiscales en la empresa Natclinic Odontología Especializada. Período fiscal 2018 Santa Cruz de Barahona, República Dominicana
Mención de responsabilidad, etc. Bethel Rosalía Cuevas Féliz, Víctor Javier Ruiz Reyes, lennys Yesneline Pérez Méndez ; Asesor Eddie Santana.
260 ## - PUBLICACIÓN, DISTRIBUCIÓN, ETC.
Lugar de publicación, distribución, etc. Barahona :
Nombre del editor, distribuidor, etc. Universidad Católica Tecnológica de Barahona (UCATEBA)
Fecha de publicación, distribución, etc. 2019
300 ## - DESCRIPCIÓN FÍSICA
Extensión xi, 75, [11] h. ;
Dimensiones 28 cm.
502 ## - NOTA DE TESIS
Nota de tesis Tesis (Licenciatura en Contabilidad)-UCATEBA-Escuela de Negocios, Año 2019.
504 ## - NOTA DE BIBLIOGRAFÍA, ETC.
Nota de bibliografía, etc. Nota Incluye Bibliografía.
650 ## - PUNTO DE ACCESO ADICIONAL DE MATERIA--TÉRMINO DE MATERIA
Término de materia o nombre geográfico como elemento de entrada 1.Obligaciones Tributarias
650 ## - PUNTO DE ACCESO ADICIONAL DE MATERIA--TÉRMINO DE MATERIA
Término de materia o nombre geográfico como elemento de entrada 2.Soluciones Fiscales
700 ## - ENTRADA AGREGADA--NOMBRE PERSONAL
Nombre de persona I.Ruiz Reyez, Víctor Javier, coaut
700 ## - ENTRADA AGREGADA--NOMBRE PERSONAL
Nombre de persona II.Pérez Méndez, Lennys Yesneline, coaut
700 ## - ENTRADA AGREGADA--NOMBRE PERSONAL
Nombre de persona III.Santana Sánchez, Eddie Amauris, ase
700 ## - ENTRADA AGREGADA--NOMBRE PERSONAL
Nombre de persona IV.Título
Holdings
Estatus retirado Estado de pérdida Estado de daño No para préstamo Colección Biblioteca de origen Biblioteca actual Fecha de adquisición Total de préstamos Signatura topográfica completa Código de barras Visto por última vez Fecha del último préstamo Copia número Precio de reemplazo Tipo de ítem Koha
        Acervo general de Libros Biblioteca Central Mons. Favio M. Rivas S. Biblioteca Central Mons. Favio M. Rivas S. 06/12/2019 2 CON2019-014 000000008026 24/03/2026 24/03/2026 1 23/05/2025 Tesis